000 00260nam a2200097Ia 4500
008 231107s1993 xx 000 0 und d
041 _aeng
100 _aRand,Ayn
245 _aThe New Left:The Anti-Industrial Revolution
260 _aNew York
_bPenguin Book
_c1993
999 _c921398
_d921398